00343nam a22001337a 4500003000400000005001700004008004100021020001800062040000800080100001800088245003400106250001600140260005300156OSt20180905102052.0180905b xxu||||| |||| 00| 0 eng d a0-201-16833-2 cn/a aLee W.Johnson aIntroduction toLinear Algebra a2nd Edition aNewyorkbAddison Wesley Publishing Companyc1989